| 000 | 00990nab a2200313 4500 | ||
|---|---|---|---|
| 003 | BR-BrBNA | ||
| 005 | 20250729230305.0 | ||
| 008 | 250729b bl.||||| |||| 00| 0 por d | ||
| 040 |
_aBR-BrBNA _bpor |
||
| 072 | _aE16 ; S01 ; Q03 ; E10 ; F30 ; E70 | ||
| 100 | _aCilo, Hugo | ||
| 245 |
_aCrise global dos alimentos _bAgroeconomia |
||
| 500 | _a4 illus. | ||
| 650 | _aPRODUTO AGROPECUÁRIO | ||
| 650 | _aALIMENTO | ||
| 650 | _aCUSTO DE PRODUÇÃO | ||
| 650 | _aPRODUTIVIDADE | ||
| 650 | _aDESPERDÍCIO | ||
| 650 | _aPREÇO INTERNACIONAL | ||
| 650 | _aDEMANDA EXTERNA | ||
| 650 | _aMUDANÇA CLIMÁTICA | ||
| 650 | _aPOPULAÇÃO HUMANA | ||
| 650 | _aCURVA DE CRESCIMENTO | ||
| 650 | _aPOBREZA | ||
| 650 | _aTRANSGENIA | ||
| 773 | 0 |
_01706 _9347985 _dSão Paulo-SP Editora Três Ltda - E-mail: luizfsa@revistadinheiro.com.br 2004 _o2025-0482 _tDinheiro Rural (Brazil) _x1807-3700 _gv. 7(78) p. 22-25; (Apr 2011) _wBR2025001933 |
|
| 942 | _cANA | ||
| 999 |
_c337372 _d337372 |
||